000 00505nam a22001817a 4500
999 _c19286
_d19286
003 AR-CdUCM
008 190517b ||||| |||| 00| 0 sp d
040 _aMUNICIPALIDAD PROVINCIAL DEL CUSCO
_cBIBLIOTECA MUNICIPAL DEL CUSCO
082 _a873 /
_bV74
100 _aVirgilio Maron, Publio
_940539
245 _aEneida /
260 _aBuenos Aires :
_bESA,
_c1959.
300 _a399 páginas ;
_c20 cm.
505 _aObra Literaria.
650 _aLiteratura.
_983
942 _2ddc
_cLIBROS
945 _awfj